[Event "Stay Safe Play From Home 284"]
[Site "Emanuel Lasker Arena"]
[Date "2020.07.07"]
[Round "2"]
[White "VotaryRoma"]
[Black "Lazieri3"]
[Result "0-1"]
[WhiteElo "2192"]
[BlackElo "2094"]
[PlyCount "146"]
[EventDate "2020.07.07"]
[EventType "swiss (blitz)"]

1. Nf3 {[%emt 0:00:02]} c6 {[%emt 0:00:00]} 2. g3 {[%emt 0:00:00]} d5 {[%emt 0:00:00]} 3. Bg2 {[%emt 0:00:00]} Nf6 {[%emt 0:00:00]} 4. O-O {[%emt 0:00:00]} Bf5 {[%emt 0:00:00]} 5. d4 {[%emt 0:00:00]} Nbd7 {[%emt 0:00:02]} 6. c4 {[%emt 0:00:00]} e6 {[%emt 0:00:02]} 7. Nc3 {[%emt 0:00:00]} Ne4 {[%emt 0:00:01]} 8. cxd5 {[%emt 0:00:00]} exd5 {[%emt 0:00:01]} 9. Nxe4 {[%emt 0:00:02]} Bxe4 {[%emt 0:00:00]} 10. Bf4 {[%emt 0:00:01]} Be7 {[%emt 0:00:01]} 11. Rc1 {[%emt 0:00:00]} O-O {[%emt 0:00:01]} 12. a3 {[%emt 0:00:00]} h6 {[%emt 0:00:01]} 13. b4 {[%emt 0:00:01]} a6 {[%emt 0:00:01]} 14. Ne5 {[%emt 0:00:02]} Nxe5 {[%emt 0:00:02]} 15. Bxe5 {[%emt 0:00:01]} Bxg2 {[%emt 0:00:01]} 16. Kxg2 {[%emt 0:00:01]} Bd6 {[%emt 0:00:01]} 17. f4 {[%emt 0:00:02]} f6 {[%emt 0:00:02]} 18. Bxd6 {[%emt 0:00:01]} Qxd6 {[%emt 0:00:00]} 19. e3 {[%emt 0:00:04]} Rfe8 {[%emt 0:00:01]} 20. Re1 {[%emt 0:00:01]} a5 {[%emt 0:00:01]} 21. Qb3 {[%emt 0:00:03]} axb4 {[%emt 0:00:01]} 22. axb4 {[%emt 0:00:00]} Re7 {[%emt 0:00:04]} 23. Ra1 {[%emt 0:00:03]} Rae8 {[%emt 0:00:00]} 24. Rad1 {[%emt 0:00:01]} Qe6 {[%emt 0:00:02]} 25. Rd3 {[%emt 0:00:01]} Qf5 {[%emt 0:00:01]} 26. h3 {[%emt 0:00:02]} g5 {[%emt 0:00:00]} 27. fxg5 {[%emt 0:00:01]} fxg5 {[%emt 0:00:02]} 28. Qc2 {[%emt 0:00:01]} Rf8 {[%emt 0:00:02]} 29. Qe2 {[%emt 0:00:02]} Re4 {[%emt 0:00:04]} 30. Rf1 {[%emt 0:00:02]} Qe6 {[%emt 0:00:01]} 31. Rxf8+ {[%emt 0:00:01]} Kxf8 {[%emt 0:00:01]} 32. Qf3+ {[%emt 0:00:00]} Kg7 {[%emt 0:00:01]} 33. Ra3 {[%emt 0:00:01]} Qf7 {[%emt 0:00:03]} 34. Qxf7+ {[%emt 0:00:02]} Kxf7 {[%emt 0:00:00]} 35. Kf3 {[%emt 0:00:00]} Re7 {[%emt 0:00:01]} 36. b5 {[%emt 0:00:00]} Re6 {[%emt 0:00:02]} 37. Rb3 {[%emt 0:00:00]} Kg6 {[%emt 0:00:01]} 38. bxc6 {[%emt 0:00:01]} bxc6 {[%emt 0:00:00]} 39. Rc3 {[%emt 0:00:00]} Rf6+ {[%emt 0:00:00]} 40. Ke2 {[%emt 0:00:01]} Re6 {[%emt 0:00:00]} 41. g4 {[%emt 0:00:00]} Rf6 {[%emt 0:00:01]} 42. Rc5 {[%emt 0:00:00]} Re6 {[%emt 0:00:00]} 43. Ra5 {[%emt 0:00:00]} Rf6 {[%emt 0:00:00]} 44. Ra8 {[%emt 0:00:00]} Re6 {[%emt 0:00:01]} 45. Rg8+ {[%emt 0:00:01]} Kf7 {[%emt 0:00:00]} 46. Rc8 {[%emt 0:00:01]} Kg6 {[%emt 0:00:00]} 47. Kd3 {[%emt 0:00:01]} Rf6 {[%emt 0:00:00]} 48. Re8 {[%emt 0:00:01]} Kf7 {[%emt 0:00:02]} 49. Re5 {[%emt 0:00:00]} Re6 {[%emt 0:00:01]} 50. Kc3 {[%emt 0:00:00]} Rxe5 {[%emt 0:00:01]} 51. dxe5 {[%emt 0:00:00]} c5 {[%emt 0:00:01]} 52. e4 {[%emt 0:00:01]} d4+ {[%emt 0:00:00]} 53. Kc4 {[%emt 0:00:01]} Ke6 {[%emt 0:00:00]} 54. Kd3 {[%emt 0:00:00]} Kxe5 {[%emt 0:00:01]} 55. Kc4 {[%emt 0:00:00]} Kxe4 {[%emt 0:00:00]} 56. Kxc5 {[%emt 0:00:00]} d3 {[%emt 0:00:01]} 57. Kd6 {[%emt 0:00:01]} d2 {[%emt 0:00:00]} 58. Ke6 {[%emt 0:00:00]} d1=Q {[%emt 0:00:01]} 59. Kf6 {[%emt 0:00:00]} Kf4 {[%emt 0:00:01]} 60. Kg6 {[%emt 0:00:00]} Qe1 {[%emt 0:00:00]} 61. Kh5 {[%emt 0:00:00]} Qh4+ {[%emt 0:00:00]} 62. Kg6 {[%emt 0:00:00]} Qxh3 {[%emt 0:00:00]} 63. Kg7 {[%emt 0:00:00]} Qxg4 {[%emt 0:00:00]} 64. Kg8 {[%emt 0:00:00]} Qf5 {[%emt 0:00:00]} 65. Kg7 {[%emt 0:00:00]} g4 {[%emt 0:00:00]} 66. Kh8 {[%emt 0:00:00]} g3 {[%emt 0:00:00]} 67. Kg8 {[%emt 0:00:00]} g2 {[%emt 0:00:00]} 68. Kh8 {[%emt 0:00:00]} h5 {[%emt 0:00:00]} 69. Kg8 {[%emt 0:00:01]} h4 {[%emt 0:00:00]} 70. Kh8 {[%emt 0:00:00]} h3 {[%emt 0:00:00]} 71. Kg8 {[%emt 0:00:00]} h2 {[%emt 0:00:00]} 72. Kh8 {[%emt 0:00:00]} h1=Q+ {[%emt 0:00:00]} 73. Kg8 {[%emt 0:00:00]} g1=Q# {[%emt 0:00:00] (Lag: Av=0.79s, max=6.7s)} 0-1

[Event "Stay Safe Play From Home 284"]
[Site "Emanuel Lasker Arena"]
[Date "2020.07.07"]
[Round "2"]
[White "SoulofWolf"]
[Black "Haxhi Baha"]
[Result "1-0"]
[WhiteElo "2160"]
[BlackElo "2024"]
[PlyCount "57"]
[EventDate "2020.07.07"]
[EventType "swiss (blitz)"]

1. d4 {[%emt 0:00:00]} d5 {[%emt 0:00:01]} 2. Nf3 {[%emt 0:00:00]} e6 {[%emt 0:00:01]} 3. c4 {[%emt 0:00:00]} Bd6 {[%emt 0:00:01]} 4. cxd5 {[%emt 0:00:00]} exd5 {[%emt 0:00:00]} 5. Nc3 {[%emt 0:00:00]} c6 {[%emt 0:00:00]} 6. Bg5 {[%emt 0:00:00]} Ne7 {[%emt 0:00:02]} 7. e3 {[%emt 0:00:01]} Bf5 {[%emt 0:00:01]} 8. Bd3 {[%emt 0:00:01]} Bxd3 {[%emt 0:00:01]} 9. Qxd3 {[%emt 0:00:00]} O-O {[%emt 0:00:01]} 10. O-O {[%emt 0:00:00]} h6 {[%emt 0:00:01]} 11. Bh4 {[%emt 0:00:00]} Qd7 {[%emt 0:00:01]} 12. Rfe1 {[%emt 0:00:02]} f5 {[%emt 0:00:01]} 13. Bg3 {[%emt 0:00:02]} Bxg3 {[%emt 0:00:02]} 14. hxg3 {[%emt 0:00:00]} Na6 {[%emt 0:00:01]} 15. Ne5 {[%emt 0:00:01]} Qe6 {[%emt 0:00:02]} 16. a3 {[%emt 0:00:00]} Rae8 {[%emt 0:00:02]} 17. b4 {[%emt 0:00:01]} Nc7 {[%emt 0:00:02]} 18. Na4 {[%emt 0:00:01]} Ng6 {[%emt 0:00:05]} 19. Nc5 {[%emt 0:00:02]} Nxe5 {[%emt 0:00:04]} 20. Qc3 {[%emt 0:00:11]} Nd3 {[%emt 0:00:00]} 21. Nxe6 {[%emt 0:00:02]} Nxe6 {[%emt 0:00:03]} 22. Qxd3 {[%emt 0:00:01]} g5 {[%emt 0:00:03]} 23. Rac1 {[%emt 0:00:01]} Kg7 {[%emt 0:00:01]} 24. a4 {[%emt 0:00:01]} f4 {[%emt 0:00:01]} 25. exf4 {[%emt 0:00:02]} gxf4 {[%emt 0:00:00]} 26. Re5 {[%emt 0:00:02]} fxg3 {[%emt 0:00:01]} 27. fxg3 {[%emt 0:00:00]} Rf6 {[%emt 0:00:03]} 28. Rce1 {[%emt 0:00:01]} Nf4 {[%emt 0:00:03]} 29. gxf4 {[%emt 0:00:03] Haxhi Baha resigns (Lag: Av=0.83s, max=1.2s)} 1-0

[Event "Stay Safe Play From Home 284"]
[Site "Emanuel Lasker Arena"]
[Date "2020.07.07"]
[Round "2"]
[White "Sfantul321"]
[Black "Jhhonnyy"]
[Result "0-1"]
[WhiteElo "2040"]
[BlackElo "2310"]
[Annotator "NA"]
[PlyCount "40"]
[EventDate "2020.07.07"]
[EventType "swiss (blitz)"]

1. c4 {[%emt 0:00:01]} g6 {[%emt 0:00:01]} 2. Nc3 {[%emt 0:00:00]} Bg7 {[%emt 0:00:00]} 3. g3 {[%emt 0:00:01]} c5 {[%emt 0:00:00]} 4. Bg2 {[%emt 0:00:00]} Nc6 {[%emt 0:00:00]} 5. e3 {[%emt 0:00:00]} e6 {[%emt 0:00:02]} 6. Nge2 {[%emt 0:00:00]} Nge7 {[%emt 0:00:00]} 7. O-O {[%emt 0:00:00]} O-O {[%emt 0:00:00]} 8. d4 {[%emt 0:00:01]} cxd4 {[%emt 0:00:01]} 9. exd4 {[%emt 0:00:00]} d5 {[%emt 0:00:00]} 10. cxd5 {[%emt 0:00:00]} exd5 {[%emt 0:00:01]} 11. Bg5 {[%emt 0:00:01]} Be6 {[%emt 0:00:01]} 12. Nf4 {[%emt 0:00:02]} Nxd4 {[%emt 0:00:02]} 13. Nfxd5 {[%emt 0:00:01]} f6 {[%emt 0:00:08]} 14. Nxe7+ {[%emt 0:00:02]} Qxe7 {[%emt 0:00:00]} 15. Qxd4 {[%emt 0:00:03]} fxg5 {[%emt 0:00:01]} 16. Qe3 {[%emt 0:00:01]} Qf7 {[%emt 0:00:02]} 17. Bxb7 {[%emt 0:00:02]} Rae8 {[%emt 0:00:02]} 18. Qc5 {[%emt 0:00:02]} Qxb7 {[%emt 0:00:02]} 19. Nb5 {[%emt 0:00:03]} Bh3 {[%emt 0:00:02]} 20. Rfe1 {[%emt 0:00:01]} Qg2# {[%emt 0:00:02] (Lag: Av=0.27s, max=0.4s)} 0-1

[Event "Stay Safe Play From Home 284"]
[Site "Emanuel Lasker Arena"]
[Date "2020.07.07"]
[Round "2"]
[White "Robk"]
[Black "Fischer_11"]
[Result "0-1"]
[WhiteElo "1505"]
[BlackElo "2052"]
[Annotator "NA"]
[PlyCount "68"]
[EventDate "2020.07.07"]
[EventType "swiss (blitz)"]

1. e4 {[%emt 0:00:01]} Nf6 {[%emt 0:00:01]} 2. Nc3 {[%emt 0:00:02]} d5 {[%emt 0:00:01]} 3. e5 {[%emt 0:00:01]} Ne4 {[%emt 0:00:01]} 4. d4 {[%emt 0:00:00]} Nxc3 {[%emt 0:00:01]} 5. bxc3 {[%emt 0:00:01]} c5 {[%emt 0:00:00]} 6. Bd3 {[%emt 0:00:01]} Nc6 {[%emt 0:00:00]} 7. Nf3 {[%emt 0:00:02]} Bg4 {[%emt 0:00:00]} 8. O-O {[%emt 0:00:01]} e6 {[%emt 0:00:01]} 9. h3 {[%emt 0:00:02]} Bh5 {[%emt 0:00:02]} 10. g4 {[%emt 0:00:02]} Bg6 {[%emt 0:00:01]} 11. Kg2 {[%emt 0:00:01]} cxd4 {[%emt 0:00:02]} 12. cxd4 {[%emt 0:00:02]} Be7 {[%emt 0:00:01]} 13. c3 {[%emt 0:00:01]} O-O {[%emt 0:00:01]} 14. Bxg6 {[%emt 0:00:02]} hxg6 {[%emt 0:00:02]} 15. Be3 {[%emt 0:00:04]} Rc8 {[%emt 0:00:01]} 16. Qd2 {[%emt 0:00:01]} b5 {[%emt 0:00:01]} 17. Rac1 {[%emt 0:00:01]} Na5 {[%emt 0:00:01]} 18. Qe2 {[%emt 0:00:03]} Nc4 {[%emt 0:00:00]} 19. Nd2 {[%emt 0:00:01]} Nxd2 {[%emt 0:00:02]} 20. Qxd2 {[%emt 0:00:02]} Rc4 {[%emt 0:00:02]} 21. Rb1 {[%emt 0:00:03]} a6 {[%emt 0:00:01]} 22. Rfc1 {[%emt 0:00:01]} Qc7 {[%emt 0:00:03]} 23. Qe1 {[%emt 0:00:02]} Rc8 {[%emt 0:00:01]} 24. Bd2 {[%emt 0:00:02]} Qa5 {[%emt 0:00:02]} 25. Rb2 {[%emt 0:00:05]} Qa3 {[%emt 0:00:01]} 26. Rbc2 {[%emt 0:00:02]} b4 {[%emt 0:00:02]} 27. Qd1 {[%emt 0:00:04]} bxc3 {[%emt 0:00:02]} 28. Bxc3 {[%emt 0:00:01]} Rxc3 {[%emt 0:00:01]} 29. Rxc3 {[%emt 0:00:01]} Rxc3 {[%emt 0:00:00]} 30. Rxc3 {[%emt 0:00:01]} Qxc3 {[%emt 0:00:00]} 31. Qa4 {[%emt 0:00:01]} Qc4 {[%emt 0:00:03]} 32. Qe8+ {[%emt 0:00:00]} Bf8 {[%emt 0:00:01]} 33. h4 {[%emt 0:00:02]} Qxd4 {[%emt 0:00:02]} 34. h5 {[%emt 0:00:00]} Qe4+ {[%emt 0:00:00] Time (Lag: Av=0.45s, max=0.8s)} 0-1

[Event "Stay Safe Play From Home 284"]
[Site "Emanuel Lasker Arena"]
[Date "2020.07.07"]
[Round "2"]
[White "Klasman"]
[Black "Trotsky"]
[Result "0-1"]
[WhiteElo "1427"]
[BlackElo "1631"]
[Annotator "NA"]
[PlyCount "56"]
[EventDate "2020.07.07"]
[EventType "swiss (blitz)"]

1. f4 {[%emt 0:00:03]} d5 {[%emt 0:00:01]} 2. Nf3 {[%emt 0:00:02]} e6 {[%emt 0:00:00]} 3. e3 {[%emt 0:00:01]} c5 {[%emt 0:00:00]} 4. d4 {[%emt 0:00:02]} Nc6 {[%emt 0:00:01]} 5. c4 {[%emt 0:00:02]} Nf6 {[%emt 0:00:01]} 6. cxd5 {[%emt 0:00:02]} exd5 {[%emt 0:00:01]} 7. Bb5 {[%emt 0:00:03]} Be6 {[%emt 0:00:01]} 8. Ne5 {[%emt 0:00:02]} Qc7 {[%emt 0:00:01]} 9. Qa4 {[%emt 0:00:04]} Bd6 {[%emt 0:00:03]} 10. Nxc6 {[%emt 0:00:03]} O-O {[%emt 0:00:05]} 11. Ne5 {[%emt 0:00:03]} a6 {[%emt 0:00:03]} 12. Be2 {[%emt 0:00:04]} b5 {[%emt 0:00:01]} 13. Qc2 {[%emt 0:00:02]} c4 {[%emt 0:00:01]} 14. Bd2 {[%emt 0:00:03]} Kh8 {[%emt 0:00:01]} 15. a3 {[%emt 0:00:01]} Rae8 {[%emt 0:00:04]} 16. Bb4 {[%emt 0:00:01]} Nd7 {[%emt 0:00:03]} 17. Bxd6 {[%emt 0:00:02]} Qxd6 {[%emt 0:00:01]} 18. O-O {[%emt 0:00:01]} f6 {[%emt 0:00:01]} 19. Nxd7 {[%emt 0:00:02]} Qxd7 {[%emt 0:00:01]} 20. Qd2 {[%emt 0:00:01]} Bf5 {[%emt 0:00:02]} 21. Nc3 {[%emt 0:00:01]} g5 {[%emt 0:00:03]} 22. fxg5 {[%emt 0:00:02]} fxg5 {[%emt 0:00:01]} 23. Bf3 {[%emt 0:00:01]} Rg8 {[%emt 0:00:02]} 24. Bxd5 {[%emt 0:00:02]} Rg7 {[%emt 0:00:02]} 25. e4 {[%emt 0:00:01]} Be6 {[%emt 0:00:01]} 26. Bxe6 {[%emt 0:00:07]} Qxe6 {[%emt 0:00:01]} 27. d5 {[%emt 0:00:01]} Qg6 {[%emt 0:00:02]} 28. g3 {[%emt 0:00:02]} Reg8 {[%emt 0:00:01] Time (Lag: Av=0.27s, max=0.5s) .} 0-1

[Event "Stay Safe Play From Home 284"]
[Site "Emanuel Lasker Arena"]
[Date "2020.07.07"]
[Round "2"]
[White "Mandy"]
[Black "Bardellosport"]
[Result "0-1"]
[WhiteElo "921"]
[BlackElo "1968"]
[PlyCount "36"]
[EventDate "2020.07.07"]
[EventType "swiss (blitz)"]

1. d4 {[%emt 0:00:04]} d6 {[%emt 0:00:00]} 2. Bf4 {[%emt 0:00:01]} Nd7 {[%emt 0:00:00]} 3. e3 {[%emt 0:00:01]} Ngf6 {[%emt 0:00:00]} 4. Nf3 {[%emt 0:00:01]} g6 {[%emt 0:00:00]} 5. h3 {[%emt 0:00:01]} Bg7 {[%emt 0:00:00]} 6. Bd3 {[%emt 0:00:02]} O-O {[%emt 0:00:00]} 7. O-O {[%emt 0:00:01]} Nh5 {[%emt 0:00:00]} 8. Bg3 {[%emt 0:00:05]} Nxg3 {[%emt 0:00:01]} 9. fxg3 {[%emt 0:00:02]} c6 {[%emt 0:00:00]} 10. c3 {[%emt 0:00:04]} e5 {[%emt 0:00:02]} 11. Nbd2 {[%emt 0:00:00]} Qe7 {[%emt 0:00:01]} 12. Re1 {[%emt 0:00:12]} f5 {[%emt 0:00:02]} 13. Qe2 {[%emt 0:00:03]} e4 {[%emt 0:00:01]} 14. Nxe4 {[%emt 0:00:04]} fxe4 {[%emt 0:00:00]} 15. Bxe4 {[%emt 0:00:01]} Qxe4 {[%emt 0:00:01]} 16. Ng5 {[%emt 0:00:02]} Qe7 {[%emt 0:00:02]} 17. e4 {[%emt 0:00:07]} Nf6 {[%emt 0:00:01]} 18. Rf1 {[%emt 0:00:07]} h6 {[%emt 0:00:00] Zeit (Lag: Av=0.43s, max=0.5s)} 0-1

[Event "Stay Safe Play From Home 284"]
[Site "Emanuel Lasker Arena"]
[Date "2020.07.07"]
[Round "3"]
[White "Mepe_Nika"]
[Black "SoulofWolf"]
[Result "1-0"]
[WhiteElo "2340"]
[BlackElo "2171"]
[PlyCount "97"]
[EventDate "2020.07.07"]
[EventType "swiss (blitz)"]

1. d4 {[%emt 0:00:01]} e6 {[%emt 0:00:00]} 2. Bf4 {[%emt 0:00:01]} c5 {[%emt 0:00:00]} 3. e3 {[%emt 0:00:01]} d5 {[%emt 0:00:01]} 4. c3 {[%emt 0:00:01]} Nd7 {[%emt 0:00:01]} 5. Nd2 {[%emt 0:00:01]} a6 {[%emt 0:00:00]} 6. Ngf3 {[%emt 0:00:01]} Ne7 {[%emt 0:00:01]} 7. Bd3 {[%emt 0:00:01]} Ng6 {[%emt 0:00:00]} 8. Bg3 {[%emt 0:00:00]} Be7 {[%emt 0:00:01]} 9. Qe2 {[%emt 0:00:01]} O-O {[%emt 0:00:00]} 10. Rd1 {[%emt 0:00:01]} f5 {[%emt 0:00:00]} 11. Ne5 {[%emt 0:00:01]} Qe8 {[%emt 0:00:02]} 12. f4 {[%emt 0:00:04]} Nf6 {[%emt 0:00:01]} 13. O-O {[%emt 0:00:01]} Ne4 {[%emt 0:00:01]} 14. Bxe4 {[%emt 0:00:01]} fxe4 {[%emt 0:00:01]} 15. Be1 {[%emt 0:00:02]} b6 {[%emt 0:00:04]} 16. Kh1 {[%emt 0:00:01]} Bb7 {[%emt 0:00:01]} 17. Rg1 {[%emt 0:00:01]} Nxe5 {[%emt 0:00:02]} 18. fxe5 {[%emt 0:00:01]} Bg5 {[%emt 0:00:00]} 19. Bg3 {[%emt 0:00:03]} Qe7 {[%emt 0:00:01]} 20. Rdf1 {[%emt 0:00:01]} a5 {[%emt 0:00:02]} 21. Bf4 {[%emt 0:00:01]} Ba6 {[%emt 0:00:01]} 22. c4 {[%emt 0:00:05]} dxc4 {[%emt 0:00:08]} 23. Bxg5 {[%emt 0:00:01]} Qxg5 {[%emt 0:00:03]} 24. Rxf8+ {[%emt 0:00:01]} Rxf8 {[%emt 0:00:03]} 25. Nxe4 {[%emt 0:00:00]} Qg6 {[%emt 0:00:05]} 26. Nd6 {[%emt 0:00:01]} cxd4 {[%emt 0:00:02]} 27. exd4 {[%emt 0:00:01]} Qd3 {[%emt 0:00:01]} 28. Qg4 {[%emt 0:00:02]} Qg6 {[%emt 0:00:07]} 29. Qh3 {[%emt 0:00:10]} Rf2 {[%emt 0:00:02]} 30. Qe3 {[%emt 0:00:05]} Rf8 {[%emt 0:00:03]} 31. d5 {[%emt 0:00:01]} h6 {[%emt 0:00:01]} 32. dxe6 {[%emt 0:00:02]} Qxe6 {[%emt 0:00:00]} 33. Qd4 {[%emt 0:00:01]} Rd8 {[%emt 0:00:01]} 34. h3 {[%emt 0:00:01]} Bb7 {[%emt 0:00:01]} 35. Kh2 {[%emt 0:00:00]} Bd5 {[%emt 0:00:00]} 36. Rd1 {[%emt 0:00:01]} b5 {[%emt 0:00:00]} 37. Qxd5 {[%emt 0:00:01]} Qxd5 {[%emt 0:00:00]} 38. Rxd5 {[%emt 0:00:00]} Kh7 {[%emt 0:00:00]} 39. Rxb5 {[%emt 0:00:00]} Ra8 {[%emt 0:00:00]} 40. Rb7 {[%emt 0:00:01]} Rf8 {[%emt 0:00:00]} 41. Nxc4 {[%emt 0:00:00]} Rf1 {[%emt 0:00:00]} 42. Ne3 {[%emt 0:00:00]} Rb1 {[%emt 0:00:00]} 43. Ng4 {[%emt 0:00:00]} Kg6 {[%emt 0:00:00]} 44. Nf6 {[%emt 0:00:00]} Kf5 {[%emt 0:00:00]} 45. e6 {[%emt 0:00:01]} Rxb2 {[%emt 0:00:00]} 46. Ng8 {[%emt 0:00:00]} Rxb7 {[%emt 0:00:00]} 47. e7 {[%emt 0:00:00]} Ke6 {[%emt 0:00:00]} 48. Kg3 {[%emt 0:00:00]} Rxe7 {[%emt 0:00:00]} 49. Kh2 {[%emt 0:00:00] Czas partii (Lag: Av=0.37s, max=0.8s)} 1-0

[Event "Stay Safe Play From Home 284"]
[Site "Emanuel Lasker Arena"]
[Date "2020.07.07"]
[Round "3"]
[White "Jhhonnyy"]
[Black "Lazieri3"]
[Result "1-0"]
[WhiteElo "2316"]
[BlackElo "2116"]
[PlyCount "91"]
[EventDate "2020.07.07"]
[EventType "swiss (blitz)"]

1. d4 {[%emt 0:00:01]} c6 {[%emt 0:00:00]} 2. c4 {[%emt 0:00:01]} d5 {[%emt 0:00:00]} 3. Nf3 {[%emt 0:00:00]} Nf6 {[%emt 0:00:01]} 4. Nbd2 {[%emt 0:00:00]} Bf5 {[%emt 0:00:01]} 5. Nh4 {[%emt 0:00:00]} Bg4 {[%emt 0:00:01]} 6. h3 {[%emt 0:00:01]} Bh5 {[%emt 0:00:02]} 7. g4 {[%emt 0:00:01]} Bg6 {[%emt 0:00:01]} 8. Qb3 {[%emt 0:00:01]} e6 {[%emt 0:00:01]} 9. e3 {[%emt 0:00:00]} b6 {[%emt 0:00:01]} 10. cxd5 {[%emt 0:00:02]} exd5 {[%emt 0:00:01]} 11. Ndf3 {[%emt 0:00:02]} Ne4 {[%emt 0:00:01]} 12. Nxg6 {[%emt 0:00:01]} hxg6 {[%emt 0:00:00]} 13. Bg2 {[%emt 0:00:01]} Nd7 {[%emt 0:00:01]} 14. Bd2 {[%emt 0:00:01]} Nxd2 {[%emt 0:00:02]} 15. Nxd2 {[%emt 0:00:00]} Bd6 {[%emt 0:00:01]} 16. Rc1 {[%emt 0:00:01]} Rc8 {[%emt 0:00:01]} 17. Nf3 {[%emt 0:00:01]} Bb8 {[%emt 0:00:01]} 18. Qa4 {[%emt 0:00:01]} Qf6 {[%emt 0:00:02]} 19. O-O {[%emt 0:00:03]} Qd6 {[%emt 0:00:03]} 20. Rfe1 {[%emt 0:00:01]} f5 {[%emt 0:00:01]} 21. g5 {[%emt 0:00:04]} Nf8 {[%emt 0:00:03]} 22. Qc2 {[%emt 0:00:01]} Ne6 {[%emt 0:00:01]} 23. h4 {[%emt 0:00:01]} Kf7 {[%emt 0:00:04]} 24. Ne5+ {[%emt 0:00:01]} Kg8 {[%emt 0:00:01]} 25. Qb3 {[%emt 0:00:03]} Rxh4 {[%emt 0:00:03]} 26. e4 {[%emt 0:00:01]} fxe4 {[%emt 0:00:02]} 27. a4 {[%emt 0:00:03]} Nxg5 {[%emt 0:00:01]} 28. a5 {[%emt 0:00:01]} Nf3+ {[%emt 0:00:05]} 29. Bxf3 {[%emt 0:00:05]} exf3 {[%emt 0:00:00]} 30. Qxf3 {[%emt 0:00:01]} Rf8 {[%emt 0:00:01]} 31. Qg3 {[%emt 0:00:02]} Rh5 {[%emt 0:00:05]} 32. Rc3 {[%emt 0:00:02]} Qf6 {[%emt 0:00:02]} 33. Rf3 {[%emt 0:00:01]} Bxe5 {[%emt 0:00:01]} 34. Rxf6 {[%emt 0:00:02]} Bxg3 {[%emt 0:00:01]} 35. Rxf8+ {[%emt 0:00:00]} Kxf8 {[%emt 0:00:02]} 36. fxg3 {[%emt 0:00:00]} Rf5 {[%emt 0:00:01]} 37. Re6 {[%emt 0:00:02]} bxa5 {[%emt 0:00:01]} 38. Rxc6 {[%emt 0:00:01]} Rf6 {[%emt 0:00:01]} 39. Rc8+ {[%emt 0:00:02]} Ke7 {[%emt 0:00:00]} 40. Rc7+ {[%emt 0:00:00]} Kd6 {[%emt 0:00:00]} 41. Rxa7 {[%emt 0:00:00]} Ke6 {[%emt 0:00:01]} 42. Rxa5 {[%emt 0:00:00]} Kf5 {[%emt 0:00:00]} 43. Rxd5+ {[%emt 0:00:01]} Ke4 {[%emt 0:00:00]} 44. Re5+ {[%emt 0:00:00]} Kxd4 {[%emt 0:00:01]} 45. Re7 {[%emt 0:00:00]} Rb6 {[%emt 0:00:00]} 46. Rxg7 {[%emt 0:00:00] (Lag: Av=0.61s, max=0.9s)} 1-0

[Event "Stay Safe Play From Home 284"]
[Site "Emanuel Lasker Arena"]
[Date "2020.07.07"]
[Round "3"]
[White "VotaryRoma"]
[Black "Sfantul321"]
[Result "1-0"]
[WhiteElo "2171"]
[BlackElo "2034"]
[Annotator "NA"]
[PlyCount "113"]
[EventDate "2020.07.07"]
[EventType "swiss (blitz)"]

1. e4 {[%emt 0:00:02]} g6 {[%emt 0:00:00]} 2. Bc4 {[%emt 0:00:01]} Bg7 {[%emt 0:00:00]} 3. Nf3 {[%emt 0:00:01]} e6 {[%emt 0:00:01]} 4. d4 {[%emt 0:00:01]} d5 {[%emt 0:00:01]} 5. Bd3 {[%emt 0:00:01]} dxe4 {[%emt 0:00:01]} 6. Bxe4 {[%emt 0:00:00]} Nf6 {[%emt 0:00:01]} 7. Bg5 {[%emt 0:00:02]} h6 {[%emt 0:00:01]} 8. Bxf6 {[%emt 0:00:01]} Bxf6 {[%emt 0:00:00]} 9. c4 {[%emt 0:00:00]} O-O {[%emt 0:00:02]} 10. Nc3 {[%emt 0:00:00]} Bg7 {[%emt 0:00:01]} 11. Bc2 {[%emt 0:00:01]} Nc6 {[%emt 0:00:01]} 12. h4 {[%emt 0:00:00]} h5 {[%emt 0:00:02]} 13. d5 {[%emt 0:00:02]} exd5 {[%emt 0:00:01]} 14. cxd5 {[%emt 0:00:00]} Ne5 {[%emt 0:00:01]} 15. Nxe5 {[%emt 0:00:01]} Bxe5 {[%emt 0:00:01]} 16. Qd3 {[%emt 0:00:01]} Bf5 {[%emt 0:00:02]} 17. Qd2 {[%emt 0:00:01]} Bxc2 {[%emt 0:00:01]} 18. Qxc2 {[%emt 0:00:00]} Qf6 {[%emt 0:00:01]} 19. g3 {[%emt 0:00:03]} Bxc3+ {[%emt 0:00:02]} 20. Qxc3 {[%emt 0:00:01]} Qe7+ {[%emt 0:00:01]} 21. Kf1 {[%emt 0:00:01]} Qd6 {[%emt 0:00:01]} 22. Rd1 {[%emt 0:00:02]} c6 {[%emt 0:00:02]} 23. Qd3 {[%emt 0:00:03]} Rad8 {[%emt 0:00:01]} 24. Kg2 {[%emt 0:00:01]} Qxd5+ {[%emt 0:00:01]} 25. Qxd5 {[%emt 0:00:01]} Rxd5 {[%emt 0:00:01]} 26. Rxd5 {[%emt 0:00:01]} cxd5 {[%emt 0:00:00]} 27. Rd1 {[%emt 0:00:00]} Rd8 {[%emt 0:00:00]} 28. Rd4 {[%emt 0:00:00]} Kg7 {[%emt 0:00:01]} 29. f4 {[%emt 0:00:00]} Kf6 {[%emt 0:00:01]} 30. Kf3 {[%emt 0:00:00]} Ke6 {[%emt 0:00:00]} 31. b4 {[%emt 0:00:02]} a5 {[%emt 0:00:02]} 32. bxa5 {[%emt 0:00:03]} Kd6 {[%emt 0:00:01]} 33. Ke3 {[%emt 0:00:03]} Kc5 {[%emt 0:00:01]} 34. Ra4 {[%emt 0:00:01]} d4+ {[%emt 0:00:01]} 35. Kd3 {[%emt 0:00:01]} Kb5 {[%emt 0:00:00]} 36. Rxd4 {[%emt 0:00:01]} Rxd4+ {[%emt 0:00:01]} 37. Kxd4 {[%emt 0:00:00]} Kxa5 {[%emt 0:00:00]} 38. Kc3 {[%emt 0:00:01]} Ka4 {[%emt 0:00:01]} 39. Kb2 {[%emt 0:00:01]} Kb4 {[%emt 0:00:01]} 40. Kc2 {[%emt 0:00:01]} Kc4 {[%emt 0:00:01]} 41. a3 {[%emt 0:00:03]} Kd4 {[%emt 0:00:01]} 42. Kd2 {[%emt 0:00:01]} Ke4 {[%emt 0:00:01]} 43. Ke2 {[%emt 0:00:01]} b5 {[%emt 0:00:01]} 44. Kd2 {[%emt 0:00:05]} Kf3 {[%emt 0:00:01]} 45. Kc3 {[%emt 0:00:00]} Kxg3 {[%emt 0:00:00]} 46. Kb4 {[%emt 0:00:00]} Kxf4 {[%emt 0:00:01]} 47. Kxb5 {[%emt 0:00:00]} f6 {[%emt 0:00:00]} 48. a4 {[%emt 0:00:00]} g5 {[%emt 0:00:00]} 49. a5 {[%emt 0:00:00]} gxh4 {[%emt 0:00:01]} 50. a6 {[%emt 0:00:00]} h3 {[%emt 0:00:02]} 51. a7 {[%emt 0:00:00]} Kg3 {[%emt 0:00:01]} 52. a8=Q {[%emt 0:00:00]} h2 {[%emt 0:00:00]} 53. Qh1 {[%emt 0:00:02]} f5 {[%emt 0:00:01]} 54. Kc4 {[%emt 0:00:00]} f4 {[%emt 0:00:00]} 55. Kd3 {[%emt 0:00:00]} f3 {[%emt 0:00:00]} 56. Ke3 {[%emt 0:00:01]} h4 {[%emt 0:00:01]} 57. Qxf3# {[%emt 0:00:01] (Lag: Av=0.28s, max=0.4s)} 1-0